| 000 | 01427nam a22004697a 4500 | ||
|---|---|---|---|
| 001 | BR2012006311 | ||
| 003 | BR-BrBNA | ||
| 005 | 20230928104048.0 | ||
| 007 | ta | ||
| 008 | 230509b bl.||||| |||| 00| 0 por d | ||
| 040 |
_aBR-BrBNA _bpor _cBiblioteca Nacional de Agricultura |
||
| 041 | _a(Por) | ||
| 072 | _aE14 | ||
| 090 | _ E14 BR2012006311 | ||
| 110 | 1 |
_aMinistério da Agricultura e do Abastecimento, Brasília, DF (Brasil) _96726 |
|
| 110 | 1 |
_aInstituto Brasileiro de Frutas, São Paulo, SP (Brasil) _95774 |
|
| 245 | 1 |
_aProjeto de apoio ao planejamento do desenvolvimento da fruticultura irrigada do Estado do Maranhão. Volume 2 _bRevisado |
|
| 260 | 3 |
_aBrasília, DF (Brasil): _c1998. |
|
| 300 | _a381 p. | ||
| 500 | _aBibliography p. 369-378; 78 tables | ||
| 650 | _aFRUTICULTURA | ||
| 650 | _aMARANHÃO, MA | ||
| 650 | _aCOMÉRCIO EXTERIOR | ||
| 650 | _aINDICADOR ECONÔMICO | ||
| 650 | _aPRODUÇÃO AGRÍCOLA | ||
| 650 | _aRECURSO HÍDRICO | ||
| 650 | _aPERÍMETRO IRRIGADO | ||
| 650 | _aRECURSO NATURAL | ||
| 650 | _aARMAZENAMENTO | ||
| 650 | _aLOGÍSTICA | ||
| 650 | _aTRANSPORTE | ||
| 650 | _aENERGIA ELÉTRICA | ||
| 650 | _aCOMERCIALIZAÇÃO | ||
| 650 | _aNORMALIZAÇÃO | ||
| 650 | _aCRÉDITO | ||
| 650 | _aLEGISLAÇÃO | ||
| 650 | _aMERCADO | ||
| 650 | _aDEMANDA | ||
| 650 | _aPOLÍTICA DE DESENVOLVIMENTO | ||
| 909 |
_a202309 _bLucia _c55 _dLucia Elande |
||
| 942 | _cBK | ||
| 999 |
_c77932 _d77932 |
||